00603 2200205 4500001002100000005001500021035002000036007000300056008004100059020001800100082000800118084001400126100005200140245008600192260003900278300002200317650001700339856002500356990001600381INLIS00000000000187220200109051138 a0010-0120000120ta200109 g 0 ind  a979-3027-06-1 a500 a500 GEO b0 aGeo F. Brooks, Janet S. Butel, Stephen A. Morse1 aBuku 2 Mikrobiologi kedokteran /cGeo F. Brooks, Janet S. Butel, Stephen A. Morse aJakarta. :bSalemba Medika,c2005. ax,525p. ;c26 cm. aMikrobiologi aKesehatan Masyarakat a00000005628